Coastal waters of the world : (Record no. 14329)

000 -LEADER
fixed length control field 00527cam a2200169 a 4500
020 ## - INTERNATIONAL STANDARD BOOK NUMBER
ISBN 1559633824 (cloth : acidfree paper)
020 ## - INTERNATIONAL STANDARD BOOK NUMBER
ISBN 1559633832 (paper : acidfree paper)
040 ## - CATALOGING SOURCE
Transcribing agency DLC
082 00 - DEWEY DECIMAL CLASSIFICATION NUMBER
Classification number 333 ISL 1998 A065 Or.
100 1# - MAIN ENTRY--AUTHOR NAME
Personal name Hinrichsen, Don.
245 10 - TITLE STATEMENT
Title Coastal waters of the world :
Remainder of title trends, threats, and strategies /
260 ## - PUBLICATION, DISTRIBUTION, ETC. (IMPRINT)
Place of publication Washington, D.C. :
Name of publisher Island Press,
Year of publication c1998.
300 ## - PHYSICAL DESCRIPTION
Number of Pages xxiii, 275 p. :
Other physical details ill., maps ;
Dimensions 26 cm.
650 #0 - SUBJECT ADDED ENTRY--TOPICAL TERM
Topical Term Coasts.
650 #0 - SUBJECT ADDED ENTRY--TOPICAL TERM
Topical Term Coastal zone management.
942 ## - ADDED ENTRY ELEMENTS (KOHA)
Koha item type សៀវភៅភាសាអង់គ្លេស
952 ## - LOCATION AND ITEM INFORMATION (KOHA)
Withdrawn status [LOCAL, KOHA] 0
Holdings
Permanent Location Date acquired Koha item type Lost status Shelving location Barcode Current Location Full call number
Library Block A2017-10-12សៀវភៅភាសាអង់គ្លេស A065A18057Library Block A333 ISL 1998 A065 Or.
មជ្ឈមណ្ឌលឯការនៃសាកលវិទ្យាល័យភូមិន្ទកសិកម្មចំការដូង

Powered by Koha